000 00400nam a2200169 a 4500
001 0636
005 20140414132037.0
008 040202s19uu xx 00 eng d
020 _a0-590-46971-1
050 _aTR
_bSE1 1992
100 _aYoung, Ed
245 _aSeven blind mice /
_cEd Young.
260 _aU.S.A :
_bScholastic,
_c1992.
300 _ap. ; cm.
500 _aTR/PS
999 _c113749
_d113749